UEFA Cup/Europa League winners' cities - Statistics

General Stats
  • This quiz has been taken 123 times
    32 since last reset
  • The average score is 19 of 28
Answer Stats
Answer % Correct
London
96%
Madrid
93%
Manchester
93%
Milan
93%
Amsterdam
89%
Liverpool
89%
Porto
89%
Munich
86%
Seville
86%
Turin
86%
Moscow
79%
Rotterdam
79%
Frankfurt
75%
Istanbul
75%
Eindhoven
71%
Parma
68%
Naples
64%
Brussels
61%
Saint Petersburg
61%
Valencia
61%
Bergamo
54%
Donetsk
50%
Gothenburg
46%
Leverkusen
46%
Ipswich
39%
Mönchengladbach
36%
Gelsenkirchen
32%
Villarreal
25%
No matching quizzes found
Score Distribution
Percent of People with Each Score
Percentile by Number Answered
Your Score History
You have not taken this quiz since the last reset